000 01349nam a22004457a 4500
001 BR7907420
003 BR-BrBNA
005 20230928090248.0
007 ta
008 230509b bl.||||| |||| 00| 0 por d
040 _aBR-BrBNA
_bpor
_cBiblioteca Nacional de Agricultura
041 _a(Por)
072 _aF00; E30; E10
_b1112
_b1850
_b1660
_b1624
_b1622
_b1810
_b1122
_b1123
_b1060
_b/G514
090 _ 1112 BR7907420
110 1 _aEmpresa de Assistencia Tecnica e Extensao Rural do Estado da Paraiba, Joao Pessoa (Brasil);
110 1 _aComissao Estadual de Planejamento Agricola da Paraiba, Joao Pessoa (Brasil)
_92028
245 1 _aProjeto de implantacao de culturas hortigranjeiras no Centro Educacional do Menor de Mamanguape [Paraiba, Brasil]
260 3 _aJoao Pessoa, PB (Brasil):
_c1979.
300 _a41 p.
500 _a16 tables
650 _aRECURSO NATURAL
650 _aRECURSO HUMANO
650 _aPROJETO AGRICOLA
650 _aBANANA
650 _aTOMATE
650 _aALFACE
650 _aCOUVE
650 _aREPOLHO
650 _aCHUCHU
650 _aMAMAO
650 _aMARACUJA
650 _aLARANJA
650 _aPRATICA CULTURAL
650 _aDEFESA VEGETAL
650 _aORCAMENTO
650 _aFINANCIAMENTO
650 _aPARAIBA
909 _a202309
_bLucia
_c55
_dLucia Elande
942 _cBK
999 _c28237
_d28237